Southville International School and Colleges
Your cart is empty.
  • Cart
  • Lists
    Public lists Eva Luna New books Lux_list list_1
    Your lists Log in to create your own lists
  • Log in to your account
  • Your cookies
  • Search history
Southville International School and Colleges
  • Advanced search
  • Recent comments
  • Most popular
  • Libraries

Log in to your account

Log in with GOOGLE


If you do not have an external account, but do have a local account, you can still log in:

  1. Home
  2. MARC view: Les historiettes de Tallemant des Réaux, tome sixième :
Normal view MARC view ISBD view

Les historiettes de Tallemant des Réaux, tome sixième : (Record no. 274764)

[ view plain ]
MARC details
000 -LEADER
fixed length control field 01082cam a22002893a 4500
001 - CONTROL NUMBER
control field 45513
003 - CONTROL NUMBER IDENTIFIER
control field PGUSA
005 - DATE AND TIME OF LATEST TRANSACTION
control field 20140828084043.0
008 - FIXED-LENGTH DATA ELEMENTS--GENERAL INFORMATION
fixed length control field 140427s2014||||xxu|||||s|||||000 | eng d
040 ## - CATALOGING SOURCE
Original cataloging agency PGUSA
Language of cataloging eng
042 ## - AUTHENTICATION CODE
Authentication code dc
050 #4 - LIBRARY OF CONGRESS CALL NUMBER
Classification number DC
100 1# - MAIN ENTRY--PERSONAL NAME
Personal name Tallemant des Réaux,
Dates associated with a name 1619-1690
245 10 - TITLE STATEMENT
Title Les historiettes de Tallemant des Réaux, tome sixième :
Remainder of title Mémoires pour servir à l'histoire du XVIIe siècle
Medium [electronic resource] /
Statement of responsibility, etc Tallemant des Réaux
260 ## - PUBLICATION, DISTRIBUTION, ETC. (IMPRINT)
Name of publisher, distributor, etc Project Gutenberg,
Date of publication, distribution, etc 2014
506 ## - RESTRICTIONS ON ACCESS NOTE
Terms governing access Public domain in the USA.
516 ## - TYPE OF COMPUTER FILE OR DATA NOTE
Type of computer file or data note Electronic text
653 ## - INDEX TERM--UNCONTROLLED
Uncontrolled term France -- History -- Louis XIV, 1643-1715
653 ## - INDEX TERM--UNCONTROLLED
Uncontrolled term France -- Biography
653 ## - INDEX TERM--UNCONTROLLED
Uncontrolled term France -- History -- Louis XIII, 1610-1643
700 1# - ADDED ENTRY--PERSONAL NAME
Personal name Chateaugiron, H. de, marquis de
Fuller form of name (René-Charles-Hippolyte Le Prestre de Lézonnet),
Dates associated with a name 1774-1848
700 1# - ADDED ENTRY--PERSONAL NAME
Personal name Taschereau, Jules-Antoine,
Dates associated with a name 1801-1874
700 1# - ADDED ENTRY--PERSONAL NAME
Personal name Monmerqué, L.-J.-N.
Fuller form of name (Louis-Jean-Nicolas),
Dates associated with a name 1780-1860
830 #0 - SERIES ADDED ENTRY--UNIFORM TITLE
Uniform title Project Gutenberg
Volume number/sequential designation 45513
856 40 - ELECTRONIC LOCATION AND ACCESS
Uniform Resource Identifier <a href="http://www.gutenberg.org/ebooks/45513">http://www.gutenberg.org/ebooks/45513</a>
942 ## - ADDED ENTRY ELEMENTS (KOHA)
Koha item type eBooks
Holdings
Withdrawn status Lost status Damaged status Home library Current library Date acquired Total Checkouts Date last seen Price effective from Koha item type
      Project Gutenberg Project Gutenberg 08/28/2014   08/28/2014 08/28/2014 eBooks

Les historiettes de Tallemant des Réaux, tome sixième :

APA

Tallemant des Réaux, Chateaugiron H. d. m. d., Taschereau J. & Monmerqué L. (2014). Les historiettes de Tallemant des Réaux, tome sixième. : Project Gutenberg.

Chicago

Tallemant des Réaux, Chateaugiron H de marquis de, Taschereau Jules-Antoine and Monmerqué L.-J.-N. 2014. Les historiettes de Tallemant des Réaux, tome sixième. : Project Gutenberg.

Harvard

Tallemant des Réaux, Chateaugiron H. d. m. d., Taschereau J. and Monmerqué L. (2014). Les historiettes de Tallemant des Réaux, tome sixième. : Project Gutenberg.

MLA

Tallemant des Réaux, Chateaugiron H de marquis de, Taschereau Jules-Antoine and Monmerqué L.-J.-N. Les historiettes de Tallemant des Réaux, tome sixième. : Project Gutenberg. 2014.

  • Place hold
  • Print
  • Cite
  • Add to your cart (remove)
  • Save record
    BIBTEX Dublin Core MARCXML MARC (non-Unicode/MARC-8) MARC (Unicode/UTF-8) MARC (Unicode/UTF-8, Standard) MODS (XML) RIS
  • More searches
    Search for this title in:
    Other Libraries (WorldCat) Other Databases (Google Scholar) Online Stores (Bookfinder.com) Open Library (openlibrary.org)

Exporting to Dublin Core...

SOUTHVILLE LIBRARY

Southville International School and Colleges Library

1281 Tropical Ave. Cor. Luxembourg St., BF Homes International, Las Pinas City

Tel. No. 8256374 / 252358 Loc. 117/146

Powered by Koha